000 00721nam a22002177a 4500
003 UA-OsUOA
001 112704
007 ta
008 20150721b un ||||| |||| 00| 0 ukr d
100 _aМатера М.
090 _a902
_bМ34
942 _cSA
040 _aUA-OsUOA
_bukr
_cUA-OsUOA
_dUA-OsUOA
245 _aВторинне використання кераміки скіфами Нижнього Подніпров'я ( за матеріалами Кам'янського городища)
300 _aС.125-137
955 _a0
041 _aukr
080 _a902
773 0 _w112693
_tАрхеологія
_dК.
_d2015
_g2
650 7 _a9 Географія. Біографії. Історія
_2UDC
999 _c398648
_d398648